| 000 | 00536nam a2200181Ia 4500 | ||
|---|---|---|---|
| 003 | GCL | ||
| 008 | 140319s9999 xx 000 0 ara d | ||
| 020 | _a?012417977 | ||
| 040 |
_aGCL / _cGCL |
||
| 082 | 0 | 4 |
_a320.91724 _bع ع |
| 100 | 1 | _aعاطف السيد | |
| 245 | 1 | 0 |
_aالعولمة فى ميزان الفكر / _cعاطف السيد |
| 300 |
_a143 ص ؛ _c24 سم |
||
| 650 | 0 | 4 | _aالدول النامية |
| 650 | 0 | 4 | _aالدول النامية -الاحوال السياسية |
| 650 | 0 | 4 | _aالعولمة |
| 942 |
_2ddc _cBK |
||
| 999 |
_c5536 _d5536 |
||